| 000 | 005680000a22001930004500 | ||
|---|---|---|---|
| 020 | _a0-8042-3704-2 | ||
| 041 | 0 | _aENG | |
| 082 | 0 | 4 | _aG 270.92 K591i |
| 100 | 1 | _aKirk, J. Andrew | |
| 245 | 1 | 0 | _aLiberation theology : An evangelical view from the third world / J. Andrew Kirk ; Peter Toon, General Editor |
| 260 | _aAtlanta : John Knox (ver J. Knox) | ||
| 300 | _a246 Pag | ||
| 650 | 1 | 4 | _aTEOLOGIA DE LA LIBERACION |
| 001 | 3473 | ||
| 942 | _cBK | ||
| 999 |
_c34137 _d34137 |
||
| 336 |
_atexto _btxt _2rdacontent |
||
| 337 |
_2rdamedia _asin mediación _bn |
||
| 338 |
_2rdacarrier _avolumen _bnc |
||